| 000 | 00399nam a2200157Ia 4500 | ||
|---|---|---|---|
| 008 | 230312s9999||||xx |||||||||||||| ||und|| | ||
| 020 | _a0-07-174268-9 | ||
| 082 |
_a576.05 _bLEV-R |
||
| 100 | _aLevinson,Warren | ||
| 245 | 0 | _aRewiew Of Medical microbiology and Immunology | |
| 260 |
_bMcGraw Hill _aIndia _c2010 |
||
| 300 | _a632 | ||
| 546 | _aEng. | ||
| 650 |
_aMedical _vMicrobiology |
||
| 942 | _cBK | ||
| 999 |
_c5698 _d5698 |
||